000 00655nam a2200193 4500
001 137524
003 ES-MaACL
005 20230906195405.0
007 t|
008 070214s1925 sp r ||||1| spa d
100 1 _aSánchez Cantón, Francisco Javier,
_d1891-1971
_9102521
245 1 0 _aMaestre Nicolás Francés
_b: pintor /
_cFrancisco Javier Sánchez Cantón.
260 _aMadrid :
_b[s.n.],
_c1925.
300 _a24 p., 8 lám. ;
_c28 cm.
500 _a(Del Archivo Español de Arte y Arqueología, I-1925)
710 2 _aArchivo Español de Arte y Arqueología.
_91429
852 _aES-MaACL
_j1692-F-20
_bR.535
999 _c137524
_d137524